| 000 | 00664nam a22001817a 4500 | ||
|---|---|---|---|
| 020 | _qHard Cover. | ||
| 082 | _a330 | ||
| 100 | _aMalik Taimour Ejaz : Muhammad Adnan Mirza : Talha Hassan | ||
| 245 |
_aThe Impact of Internet Usage on Female Employment in Pakistan: _bA Cross-Sectional Study / _cEjaz, Malik Taimour : Muhammad, Adnan : Hassan, Talha |
||
| 260 |
_aIslamabad: _bS3H NUST, _c2021. |
||
| 300 |
_a37 p. : _bill. ; _c30cm. |
||
| 563 | _aHB | ||
| 650 | _aBS-Economics | ||
| 700 |
_aDr. Verda Salman _918160 |
||
| 856 | _uhttp://10.250.8.41:8080/xmlui/handle/123456789/24493 | ||
| 942 |
_2ddc _cPR |
||
| 999 |
_c566127 _d566127 |
||